[Event "EU-ch Amateur U2300"]
[Site "Rhodes"]
[Date "2019.04.08"]
[Round "3"]
[White "Zherebtsova, Alexandra"]
[Black "Van de Perre, Tom"]
[Result "1/2-1/2"]
[WhiteElo "2203"]
[BlackElo "2102"]
[PlyCount "82"]
[EventDate "2019.04.06"]
[EventType "tourn"]
[EventRounds "9"]
[EventCountry "GRE"]
[SourceTitle "CBM 189 Extra"]
[Source "ChessBase"]
[SourceDate "2019.06.03"]
[SourceVersion "1"]
[SourceVersionDate "2019.06.03"]
[SourceQuality "1"]

1. d4 d5 2. c4 e6 3. Nc3 c6 4. cxd5 exd5 5. Nf3 Bd6 6. Bg5 Ne7 7. e3 Bf5 8. Be2 Nd7 9. Bh4 0-0 10. Bg3 Nc8 11. Nh4 Bg6 12. Nxg6 hxg6 13. Bd3 Re8 14. Qf3 Qg5 15. Bxd6 Nxd6 16. h4 Qh6 17. 0-0-0 Nf6 18. g4 g5 19. Qg2 Nfe4 20. hxg5 Qxg5 21. Rh5 Qf6 22. Rdh1 Kf8 23. Bxe4 dxe4 24. Re5 g6 25. Nxe4 Nxe4 26. Qxe4 Rad8 27. g5 Qg7 28. f4 Rxe5 29. dxe5 Rd7 30. Qb4+ Ke8 31. Kc2 Qf8 32. Qxf8+ Kxf8 33. Rh8+ Ke7 34. Rh2 Ke6 35. e4 Rd4 36. Re2 c5 37. Kc3 b5 38. a3 a5 39. b3 a4 40. bxa4 Rxa4 41. Kb2 Rd4 1/2-1/2

[Event "EU-ch Amateur U2300"]
[Site "Rhodes"]
[Date "2019.04.07"]
[Round "2"]
[White "Van de Perre, Tom"]
[Black "Shukan, Alexander"]
[Result "1-0"]
[WhiteElo "2102"]
[BlackElo "2088"]
[PlyCount "159"]
[EventDate "2019.04.06"]
[EventType "tourn"]
[EventRounds "9"]
[EventCountry "GRE"]
[SourceTitle "CBM 189 Extra"]
[Source "ChessBase"]
[SourceDate "2019.06.03"]
[SourceVersion "1"]
[SourceVersionDate "2019.06.03"]
[SourceQuality "1"]

1. e4 e6 2. d4 d5 3. exd5 exd5 4. Nf3 Bd6 5. c4 c6 6. c5 Bc7 7. Bd3 Nf6 8. Qe2+ Qe7 9. Qxe7+ Kxe7 10. 0-0 Re8 11. Re1+ Kf8 12. Rxe8+ Kxe8 13. Nc3 Bg4 14. Bg5 Bxf3 15. Bxf6 gxf6 16. gxf3 h6 17. b4 Na6 18. a3 Bd8 19. f4 Nc7 20. f5 Kd7 21. a4 Be7 22. b5 Rg8+ 23. Kh1 Rg4 24. Ne2 b6 25. cxb6 axb6 26. bxc6+ Kxc6 27. h3 Rg8 28. Nf4 Bb4 29. Rc1+ Kd6 30. Rxc7 Kxc7 31. Nxd5+ Kd6 32. Nxb4 Ra8 33. Bb5 Rg8 34. Kh2 Rg5 35. Bd3 Rg8 36. Be4 Rc8 37. Bd5 Rc3 38. Bxf7 Ra3 39. Nd5 Rxa4 40. Nxb6 Rxd4 41. Nc4+ Ke7 42. Be6 Kf8 43. Ne3 Re4 44. Kg3 Rd4 45. Nd5 Kg7 46. Nf4 Kf8 47. Bd5 Rd2 48. Bf3 Rb2 49. Bh5 Rb5 50. Bg6 Rb3+ 51. f3 Ra3 52. Ne6+ Ke7 53. Kg4 Ra4+ 54. f4 Ra3 55. h4 Ra1 56. Kh5 Rh1 57. Nc7 Kf8 58. Nd5 Kg7 59. Ne3 Rb1 60. Ng4 Rb8 61. Ne3 Rb3 62. Nd5 Rh3 63. Nc7 Kf8 64. Kxh6 Rxh4+ 65. Bh5 Kg8 66. Nd5 Kh8 67. Kg6 Rh2 68. Nxf6 Rg2+ 69. Ng4 Ra2 70. f6 Ra6 71. Ne5 Rb6 72. Be2 Re6 73. Bb5 Rb6 74. Bc6 Ra6 75. Kf7 Ra7+ 76. Bd7 Kh7 77. Ke7 Kg8 78. f7+ Kh7 79. f8Q Rxd7+ 80. Nxd7 1-0

[Event "Pfalz op 10th"]
[Site "Neustadt an der Weinstrasse"]
[Date "2019.03.03"]
[Round "5"]
[White "Van de Perre, Tom"]
[Black "Trifan, Andrei Ioan"]
[Result "1/2-1/2"]
[WhiteElo "2103"]
[BlackElo "2247"]
[PlyCount "101"]
[EventDate "2019.03.01"]
[EventType "swiss"]
[EventRounds "9"]
[EventCountry "GER"]
[SourceTitle "CBM 189 Extra"]
[Source "ChessBase"]
[SourceDate "2019.06.03"]
[SourceVersion "1"]
[SourceVersionDate "2019.06.03"]
[SourceQuality "1"]

1. e4 e5 2. Nf3 Nc6 3. d4 exd4 4. Nxd4 Bc5 5. Nxc6 Qf6 6. Qf3 dxc6 7. Nc3 Be6 8. Qg3 0-0-0 9. Be3 Bxe3 10. Qxe3 Kb8 11. Bd3 Nh6 12. f3 g5 13. 0-0-0 Rhe8 14. Rhe1 Qg7 15. g3 Bc8 16. Bf1 Rd6 17. Rxd6 cxd6 18. Qd2 Qg6 19. Rd1 Rd8 20. a4 f5 21. exf5 Nxf5 22. f4 g4 23. Bd3 h5 24. Re1 Qf7 25. Bxf5 Bxf5 26. Qe3 Qf6 27. Qe7 Qxe7 28. Rxe7 h4 29. Nd1 hxg3 30. hxg3 Rh8 31. Ne3 Rh1+ 32. Kd2 Rh2+ 33. Kc3 Bc8 34. Nc4 Rh6 35. Ne3 Rh3 36. f5 Rxg3 37. f6 Rf3 38. f7 g3 39. Kd2 a5 40. Ke2 Rf6 41. Ke1 d5 42. c3 c5 43. Ng2 d4 44. cxd4 cxd4 45. Nh4 d3 46. Kd2 Ka7 47. Re8 Rxf7 48. Rxc8 Rf4 49. Rh8 g2 50. Nxg2 Rf2+ 51. Kxd3 1/2-1/2

[Event "Eindhoven WLC op 8th"]
[Site "Eindhoven"]
[Date "2017.04.09"]
[Round "5"]
[White "Wuijts, Johan"]
[Black "Van de Perre, Tom"]
[Result "1/2-1/2"]
[WhiteElo "1888"]
[BlackElo "2126"]
[PlyCount "49"]
[EventDate "2017.04.07"]
[EventType "swiss"]
[EventRounds "6"]
[EventCountry "NED"]
[SourceTitle "CBM 177 Extra"]
[Source "ChessBase"]
[SourceDate "2017.04.27"]
[SourceVersion "1"]
[SourceVersionDate "2017.04.27"]
[SourceQuality "1"]

1. d4 Nf6 2. Bg5 Ne4 3. Bh4 d5 4. f3 Nf6 5. Nc3 Bf5 6. Bxf6 exf6 7. e4 dxe4 8. fxe4 Bg6 9. Nf3 Bb4 10. Bd3 0-0 11. 0-0 Re8 12. e5 f5 13. Bc4 Nc6 14. Nd5 Na5 15. Qe2 Nxc4 16. Qxc4 Ba5 17. Nf4 c6 18. h4 b5 19. Qb3 Bd2 20. Nxd2 Qxd4+ 21. Rf2 Rxe5 22. Qc3 Qxc3 23. bxc3 f6 24. Nxg6 hxg6 25. Kf1 1/2-1/2

[Event "London Classic op 7th"]
[Site "London"]
[Date "2015.12.11"]
[Round "9"]
[White "Rozycki, Bartlomiej"]
[Black "Van de Perre, Tom"]
[Result "1/2-1/2"]
[WhiteElo "2231"]
[BlackElo "2042"]
[PlyCount "79"]
[EventDate "2015.12.04"]
[EventType "swiss"]
[EventRounds "9"]
[EventCountry "ENG"]
[SourceTitle "CBM 169 Extra"]
[Source "ChessBase"]
[SourceDate "2015.12.18"]
[SourceVersion "1"]
[SourceVersionDate "2015.12.18"]
[SourceQuality "1"]

1. d4 d5 2. c4 c6 3. Nf3 Nf6 4. e3 Bf5 5. Nc3 e6 6. Nh4 Be4 7. Nxe4 dxe4 8. g3 Nbd7 9. f4 h6 10. Bd2 Be7 11. Bc3 g5 12. Ng2 Qc7 13. Qa4 Rg8 14. Be2 a6 15. 0-0-0 Qc8 16. c5 Nd5 17. Ba5 f5 18. Bh5+ Kf8 19. fxg5 hxg5 20. Rdf1 g4 21. h3 gxh3 22. Rxh3 N7f6 23. Qd1 Nxh5 24. Qxh5 Nf6 25. Qh6+ Ke8 26. Nf4 Kd7 27. Ng6 Qe8 28. Ne5+ Kc8 29. Nc4 b5 30. Nb6+ Kb7 31. Nxa8 Kxa8 32. Bb6 Qd7 33. Kd2 Kb7 34. Rfh1 e5 35. Kc1 exd4 36. exd4 Ng4 37. Qh7 Nf6 38. Qf7 Rf8 39. Qg7 Rg8 40. Qf7 1/2-1/2

[Event "London Classic op 7th"]
[Site "London"]
[Date "2015.12.09"]
[Round "7"]
[White "Van de Perre, Tom"]
[Black "Coleman, David"]
[Result "0-1"]
[WhiteElo "2042"]
[BlackElo "2176"]
[PlyCount "100"]
[EventDate "2015.12.04"]
[EventType "swiss"]
[EventRounds "9"]
[EventCountry "ENG"]
[SourceTitle "CBM 169 Extra"]
[Source "ChessBase"]
[SourceDate "2015.12.18"]
[SourceVersion "1"]
[SourceVersionDate "2015.12.18"]
[SourceQuality "1"]

1. e4 c5 2. Nf3 d6 3. d4 cxd4 4. Qxd4 a6 5. h3 Nc6 6. Qe3 g6 7. c4 Bg7 8. Be2 Qa5+ 9. Nc3 Be6 10. 0-0 Qc5 11. Qxc5 dxc5 12. Ng5 Bd7 13. Nd5 Rd8 14. Rd1 Nd4 15. Kf1 Bc6 16. Rb1 h6 17. Nf3 e6 18. Nc3 Ne7 19. Be3 0-0 20. Rbc1 b6 21. Nd2 f5 22. exf5 Nexf5 23. Kg1 Rd7 24. Bd3 Rfd8 25. Bxf5 exf5 26. Kf1 g5 27. Bxd4 Bxd4 28. Ndb1 b5 29. b3 Re8 30. Re1 Rde7 31. f3 g4 32. hxg4 fxg4 33. Rxe7 Rxe7 34. Re1 Rxe1+ 35. Kxe1 bxc4 36. fxg4 cxb3 37. axb3 Bxg2 38. Ke2 Kg7 39. Nd1 Bd5 40. Nd2 Kf6 41. Kd3 Kg5 42. b4 Kxg4 43. bxc5 Bxc5 44. Ne3+ Bxe3 45. Kxe3 h5 46. Kd4 Bg2 47. Nc4 h4 48. Ne3+ Kf3 49. Nf5 h3 50. Nh4+ Kf2 0-1

[Event "London Classic op 7th"]
[Site "London"]
[Date "2015.12.06"]
[Round "4"]
[White "Haugli, Petter"]
[Black "Van de Perre, Tom"]
[Result "1/2-1/2"]
[WhiteElo "2260"]
[BlackElo "2042"]
[PlyCount "129"]
[EventDate "2015.12.04"]
[EventType "swiss"]
[EventRounds "9"]
[EventCountry "ENG"]
[SourceTitle "CBM 169 Extra"]
[Source "ChessBase"]
[SourceDate "2015.12.18"]
[SourceVersion "1"]
[SourceVersionDate "2015.12.18"]
[SourceQuality "1"]

1. c4 e5 2. Nc3 Nc6 3. Nf3 Nf6 4. d4 exd4 5. Nxd4 Bb4 6. Nxc6 Bxc3+ 7. bxc3 bxc6 8. g3 0-0 9. Bg2 Re8 10. 0-0 Ba6 11. Qa4 Qc8 12. Re1 Ne4 13. Be3 Nd6 14. c5 Nf5 15. Bf4 Bb5 16. Qc2 Ne7 17. c4 Ba6 18. Rad1 Ng6 19. Bh3 Re7 20. Rd4 Nf8 21. Red1 Rb8 22. Be3 Qe8 23. R1d3 Re4 24. Ra3 Rxd4 25. Bxd4 Qc8 26. Rb3 Ne6 27. Qb2 Rxb3 28. axb3 Qf8 29. Be3 Qb8 30. Qa3 Qb7 31. f4 f6 32. Kf2 Kf7 33. Bf5 g6 34. Bd3 f5 35. h3 h5 36. Qa1 Qc8 37. b4 Bb7 38. Qxa7 Qa8 39. Qxa8 Bxa8 40. Bd2 Bb7 41. e4 fxe4 42. Bxe4 Ba6 43. Bd3 Bc8 44. Ke3 Ng7 45. g4 hxg4 46. hxg4 d6 47. cxd6 cxd6 48. Be2 Ne6 49. Bf3 Bd7 50. Kd3 Nc7 51. Be3 Ke7 52. Bb6 Ne8 53. Bd4 Nc7 54. Ke3 Ke6 55. Bb6 Ne8 56. Bd8 Kf7 57. Be4 Ng7 58. Bc7 Ne8 59. Bb8 Nf6 60. Bxd6 Nxe4 61. Kxe4 Bxg4 62. Kd4 Ke6 63. Kc5 Bf3 64. Bb8 Kf5 65. b5 1/2-1/2

[Event "London Classic op 7th"]
[Site "London"]
[Date "2015.12.05"]
[Round "3"]
[White "Van de Perre, Tom"]
[Black "Britton, Richard"]
[Result "1-0"]
[WhiteElo "2042"]
[BlackElo "2238"]
[PlyCount "87"]
[EventDate "2015.12.04"]
[EventType "swiss"]
[EventRounds "9"]
[EventCountry "ENG"]
[SourceTitle "CBM 169 Extra"]
[Source "ChessBase"]
[SourceDate "2015.12.18"]
[SourceVersion "1"]
[SourceVersionDate "2015.12.18"]
[SourceQuality "1"]

1. e4 c5 2. Nf3 d6 3. d4 cxd4 4. Qxd4 Nc6 5. Bb5 Bd7 6. Bxc6 Bxc6 7. Nc3 e6 8. Bg5 Nf6 9. 0-0-0 Be7 10. Qd3 a6 11. Nd4 Rc8 12. Kb1 b5 13. f3 0-0 14. h4 Qb6 15. g4 Qb7 16. Rhg1 Rfd8 17. Bxf6 Bxf6 18. g5 Be5 19. h5 g6 20. Nce2 Bg7 21. Rh1 d5 22. Nxc6 Qxc6 23. f4 dxe4 24. Qxd8+ Rxd8 25. Rxd8+ Bf8 26. Rhd1 gxh5 27. Ng3 Kg7 28. Nxh5+ Kg6 29. Nf6 Be7 30. Rg8+ Kf5 31. Rg7 e3 32. Rxf7 e2 33. Re1 Kg6 34. Ng4 Bd6 35. Rf6+ Kh5 36. Ne3 Kh4 37. Rxe6 Qf3 38. Nf5+ Kg4 39. Nxd6 Qd5 40. R6xe2 Qxd6 41. Rf2 Qd4 42. Rff1 Kf5 43. Re5+ Kg4 44. g6 1-0

[Event "London Classic op 7th"]
[Site "London"]
[Date "2015.12.04"]
[Round "1"]
[White "Van de Perre, Tom"]
[Black "Georgescu, Tiberiu Marian"]
[Result "0-1"]
[WhiteElo "2042"]
[BlackElo "2453"]
[PlyCount "117"]
[EventDate "2015.12.04"]
[EventType "swiss"]
[EventRounds "9"]
[EventCountry "ENG"]
[SourceTitle "CBM 169 Extra"]
[Source "ChessBase"]
[SourceDate "2015.12.18"]
[SourceVersion "1"]
[SourceVersionDate "2015.12.18"]
[SourceQuality "1"]

1. e4 c6 2. d4 d5 3. e5 Bf5 4. Nf3 e6 5. Be2 Ne7 6. 0-0 h6 7. Nbd2 Nd7 8. Re1 Bh7 9. Nf1 c5 10. dxc5 Nc6 11. a3 Bxc5 12. b4 Be7 13. c4 dxc4 14. Bxc4 Qc7 15. Bb5 a6 16. Bxc6 bxc6 17. Be3 a5 18. Qd4 0-0 19. Rac1 axb4 20. axb4 Ra4 21. Red1 Rd8 22. Qc4 Rc8 23. Qd4 Nf8 24. Bd2 Qb7 25. Rc4 Rd8 26. Qb2 Bd3 27. Qb3 Bxc4 28. Qxa4 Be2 29. Rc1 Bxf3 30. gxf3 Ng6 31. Qxc6 Qxc6 32. Rxc6 Nxe5 33. Rc7 Bd6 34. Rc2 Nxf3+ 35. Kg2 Nd4 36. Rb2 Nb5 37. f4 Rc8 38. Kf3 Rc4 39. Ng3 Nd4+ 40. Kf2 Nb5 41. Kf3 f5 42. h4 g6 43. Ne2 Be7 44. Be1 Kf7 45. Ra2 Rc7 46. Ke3 Rb7 47. Kd3 Rd7+ 48. Kc4 Rd5 49. Ra5 Nd6+ 50. Kb3 Rd3+ 51. Kc2 Re3 52. Kd1 Ne4 53. Ra7 Kf6 54. Ra6 Bd6 55. Ra8 e5 56. fxe5+ Kxe5 57. Rh8 f4 58. Rxh6 f3 59. Rxg6 0-1

[Event "Maastricht Limburg op-A 9th"]
[Site "Maastricht"]
[Date "2015.05.25"]
[Round "7"]
[White "Vrolijk, Liam"]
[Black "Van de Perre, Tom"]
[Result "1-0"]
[WhiteElo "2045"]
[BlackElo "2073"]
[PlyCount "59"]
[EventDate "2015.05.22"]
[EventType "swiss"]
[EventRounds "7"]
[EventCountry "NED"]
[SourceTitle "CBM 166 Extra"]
[Source "ChessBase"]
[SourceDate "2015.06.18"]
[SourceVersion "1"]
[SourceVersionDate "2015.06.18"]
[SourceQuality "1"]

1. Nc3 e5 2. Nf3 Nc6 3. d4 exd4 4. Nxd4 Nf6 5. Bg5 Bb4 6. Nxc6 bxc6 7. Qd4 Be7 8. e4 0-0 9. Bd3 h6 10. Bd2 d5 11. e5 Nd7 12. f4 Rb8 13. Na4 c5 14. Qxd5 Bb7 15. Qc4 Bxg2 16. Rg1 Bh4+ 17. Ke2 Bc6 18. Qa6 Nb6 19. Nxc5 Re8 20. Raf1 f6 21. Kd1 Qd4 22. Qa3 Nc4 23. Bxc4+ Qxc4 24. Qc3 Qxa2 25. Nb3 Qb1+ 26. Nc1 Bb5 27. Qxc7 g5 28. fxg5 Bxg5 29. Rxf6 Rec8 30. Qf7+ 1-0

[Event "Maastricht Limburg op-A 9th"]
[Site "Maastricht"]
[Date "2015.05.24"]
[Round "4"]
[White "Van de Perre, Tom"]
[Black "Lombaers, Peter"]
[Result "1/2-1/2"]
[WhiteElo "2073"]
[BlackElo "2371"]
[PlyCount "60"]
[EventDate "2015.05.22"]
[EventType "swiss"]
[EventRounds "7"]
[EventCountry "NED"]
[SourceTitle "CBM 166 Extra"]
[Source "ChessBase"]
[SourceDate "2015.06.18"]
[SourceVersion "1"]
[SourceVersionDate "2015.06.18"]
[SourceQuality "1"]

1. e4 Nf6 2. e5 Nd5 3. d4 d6 4. c4 Nb6 5. exd6 exd6 6. Nc3 Be7 7. Bd3 Nc6 8. Nge2 Bg4 9. Be3 0-0 10. b3 Bf6 11. 0-0 Re8 12. Qd2 d5 13. c5 Nc8 14. h3 Bxe2 15. Nxe2 N8e7 16. b4 Ng6 17. b5 Nce7 18. a4 Nh4 19. Ng3 Qd7 20. Be2 g6 21. Bg5 Bxg5 22. Qxg5 Nef5 23. Bg4 Qe7 24. Qxe7 Rxe7 25. Bxf5 Nxf5 26. Nxf5 gxf5 27. Rfe1 Re4 28. Rad1 a6 29. f3 Re6 30. Rxe6 fxe6 1/2-1/2

[Event "Maastricht Limburg op-A 8th"]
[Site "Maastricht"]
[Date "2014.06.07"]
[Round "2"]
[White "Van de Perre, Tom"]
[Black "Huesmann, Thomas"]
[Result "1/2-1/2"]
[WhiteElo "2121"]
[BlackElo "2191"]
[PlyCount "88"]
[EventDate "2014.06.06"]
[EventType "swiss"]
[EventRounds "7"]
[EventCountry "NED"]
[SourceTitle "CBM 160 Extra"]
[Source "ChessBase"]
[SourceDate "2014.07.01"]
[SourceVersion "1"]
[SourceVersionDate "2014.07.01"]
[SourceQuality "1"]

1. e4 e5 2. Nf3 Nc6 3. Bb5 a6 4. Bxc6 dxc6 5. 0-0 Bg4 6. h3 h5 7. d3 Qf6 8. Nbd2 Ne7 9. Nc4 Bxf3 10. Qxf3 Qxf3 11. gxf3 Ng6 12. Be3 Bd6 13. Kh1 Nf8 14. f4 exf4 15. Nxd6+ cxd6 16. Bxf4 0-0-0 17. Rg1 Ne6 18. Be3 d5 19. f4 dxe4 20. f5 Nd4 21. Bxd4 Rxd4 22. dxe4 g6 23. fxg6 fxg6 24. Rxg6 Rxe4 25. Rag1 Kc7 26. Rg7+ Kb6 27. R1g3 Re1+ 28. Kg2 Re2+ 29. Kf1 Rxc2 30. Rb3+ Kc5 31. Rbxb7 Rf8+ 32. Kg1 Rf5 33. Rg2 Rxg2+ 34. Kxg2 Kd4 35. Rb6 Rb5 36. Rxc6 Rxb2+ 37. Kg3 Rxa2 38. Kh4 a5 39. Kxh5 a4 40. h4 Kd5 41. Ra6 Kc5 42. Kh6 Kb5 43. Ra8 Rc2 44. h5 Kb4 1/2-1/2

[Event "Aalst op 15th"]
[Site "Aalst"]
[Date "2013.05.15"]
[Round "5"]
[White "Van de Perre, Tom"]
[Black "De Smet, Frans"]
[Result "1-0"]
[WhiteElo "2100"]
[BlackElo "1850"]
[PlyCount "37"]
[EventDate "2013.04.17"]
[EventType "swiss"]
[EventRounds "9"]
[EventCountry "BEL"]
[SourceTitle "EXT 2014"]
[Source "ChessBase"]
[SourceDate "2013.11.20"]
[SourceVersion "1"]
[SourceVersionDate "2013.11.20"]
[SourceQuality "1"]

1. e4 e5 2. Nf3 Nc6 3. Bb5 a6 4. Bxc6 dxc6 5. 0-0 Qd6 6. Na3 b5 7. c3 c5 8. d4 cxd4 9. cxd4 exd4 10. Nxd4 Bb7 11. Nac2 Rd8 12. Qe2 Qe5 13. Nf3 Qh5 14. Bf4 Bd6 15. Bxd6 Rxd6 16. Ncd4 c5 17. Nf5 Rg6 18. Rfd1 Ne7 19. Nd6+ 1-0

[Event "Hainaut-ch"]
[Site "Manage"]
[Date "2008.08.23"]
[Round "2.8"]
[White "Van de Perre, Tom"]
[Black "Castellana, Michael"]
[Result "1-0"]
[WhiteElo "2013"]
[BlackElo "1811"]
[PlyCount "53"]
[EventDate "2008.08.23"]
[EventType "swiss"]
[EventRounds "9"]
[EventCountry "BEL"]
[SourceTitle "EXT 2024"]
[Source "ChessBase"]
[SourceDate "2023.10.10"]
[SourceVersion "1"]
[SourceVersionDate "2023.10.10"]
[SourceQuality "1"]

1. e4 c5 2. Nf3 d6 3. d4 cxd4 4. Qxd4 Nc6 5. Bb5 Bd7 6. Bxc6 bxc6 7. c4 c5 8. Qd3 Nf6 9. 0-0 g6 10. Nc3 Bg7 11. Re1 0-0 12. Bg5 Rb8 13. b3 Rb7 14. Rad1 Qa5 15. Qd2 Kh8 16. h3 Re8 17. Qc2 Bc6 18. Nd5 Nxd5 19. exd5 Bd7 20. Rxe7 Rxe7 21. Bxe7 Bxh3 22. Bxd6 Qb6 23. Be5 Bxe5 24. Nxe5 Bf5 25. Qc3 Kg8 26. Nc6 Qc7 27. Re1 1-0